The Landscape architect and land planning.

Disimpan dalam:
Butiran Bibliografi
Pengarang Korporat: American Society of Landscape Architects.
Format: Buku
Bahasa:English
Diterbitkan: [Boston, Mass.? : American Society of Landscape Architects?, 19--?]
Subjek-subjek:
Penanda-penanda: Tambah Penanda
Tiada Penanda, Jadilah orang pertama menanda rekod ini!
LEADER 00562nam a22001697u 4500
001 000000398-0
005 20090409105551.0
008 830127s19uu ||||||| |||| |0||||eng|d
035 0 |a ocn188383435 
245 0 4 |a The Landscape architect and land planning. 
260 0 |a [Boston, Mass.? :  |b American Society of Landscape Architects?,  |c 19--?] 
300 |a [4] p. :  |b ill. ;  |c 28 cm. 
650 0 |a Landscape architecture  |x Vocational guidance. 
650 0 |a City planning  |x Vocational guidance. 
710 2 |a American Society of Landscape Architects. 
988 |a 20020608 
906 |0 MH